ZDZiT Olsztyn - tramwaj nr 4 - Statystyki

Ogólne statystyki
  • Ten quiz został rozwiązany 30 razy
  • Średni wynik to 11 z 16
Statystyki odpowiedzi
Odpowiedź % Poprawnych
Dworzec Główny
92%
Pieczewo
92%
Carrefour
88%
Planetarium
88%
Filharmonia
83%
Hala Urania
83%
Kętrzyńskiego
83%
Murzynowskiego
67%
Piłsudskiego
67%
Stadion Stomil
67%
Gębika
63%
Pstrowskiego
58%
Żołnierska
58%
Krasickiego Wilczyńskiego
54%
Wańkowicza
54%
Boeingka
8%
Nie znaleziono quizów pasujących do podanych kryteriów
Rozkład punktacji
Procent ludzi z każdym wynikiem
Percentyl według liczby udzielonych odpowiedzi
Twoja historia wyników
Nie rozwiązałeś tego quizu